000 00761cam a22002411 4500
001 sa 66006461
003 DLC
005 20260227112256.0
008 760526s1966 ii b 000 0 eng
010 _asa 66006461
035 _a(OCoLC)2195342
040 _aDLC
_cOClU
_dOCoLC
_dDLC
042 _apremarc
050 0 0 _aKNS1895
_b.M37 1966
082 _a342.5403
100 1 _aMarkandan, K. C.
245 1 0 _aDirective principles in the Indian Constitution,
_cby K. C. Markandan.
260 _aBombay,
_aNew York,
_bAllied Publishers
_c[1966]
300 _axi, 447 p.
_c26 cm.
500 _aLabel mounted on t.p.: Sole distributors in the USA: Paragon Book Gallry, New York.
504 _aBibliography: p. 432-434.
650 0 _aConstitutional law
_zIndia.
999 _c70533
_d70533